000 00890 a2200265 4500
005 20251205171647.0
008 251205b |||||||| |||| 00| 0 eng d
020 _a9783111355658 (pbk)
037 _cTB
040 _aAL
_cAL
041 _2eng
_aeng
084 _aU8(X:77).6 R3
_qAL
245 _aSustainable tourism dialogues in Africa
260 _aBerlin, Germany:
_bDe Gruyter,
_c2023.
300 _axvi, 415p.
365 _b29.95
_cEURO
650 _aTourism
_9855022
650 _aEconomics
_9855023
650 _aSustainable
_9855024
650 _aDevelopment
_9855025
700 _aKepher - Gona, Judy
_eeditor.
_9855026
700 _aAtieno, Lucy
_eeditor.
_9855027
942 _cTB
_2CC
_n0
_hU8(X:77).6 R3
999 _c1435555
_d1435555